Dance Moms: Mackenzie's Solos Quiz Stats

 Plays Quiz not verified by Sporcle

Score 0/33 Timer 05:00
0 Plays Today
Episode Dance % Correct
Sister ShowdownCry
83.6%
Maddie Vs. MackenzieSink Or Swim
80.3%
Mack Z Vs. Abby LeeBully
76.3%
Nationals 90210Killer Bee
74.9%
Stealing The ShowKids Dance Pop
72.8%
Brooke's BackThe Party Starts Right Now
71.9%
The Big, Not So, EasyDance Doctor
71.8%
Liar Liar Dance Mom On Fire!Lemonade
71.6%
I Know What You Did Last CompetitionDaisy Chains
70.9%
Nothing's Fair In AbbyvilleRed
68.4%
JoJo With A Bow BowBoom Boom
67.6%
No More CrybabiesOut Of My Mind
65.5%
Where In The World Is Abby Lee Miller?Superstar
64.7%
The Battle BeginsThe Perfect Fit
64.4%
Revenge Of The ReplacementsDancing Barefoot
63.6%
Solo FeverIt's A Perfect Day For Fun
63.2%
Baby Dance Mama DramaBat Crazy
63.2%
Episode Dance % Correct
All's Fair In Love And WarLove Is War
63.2%
Abby Strikes BackTake It To Go
62.9%
Brooke's Turning PointMy Parade
62%
Two Girls, One SoloOld West
61.3%
Wardrobe MalfunctionShoulda Coulda Woulda
61%
New Girl In TownHollywood
60.9%
Mackenzie's Time To ShineWho Are You?
60.4%
No One Is SafeLove Overdose
59.6%
The Beginning Of The EndGoodie Goodie
59%
Double The Moms, Double The TroubleWatch Me Fly
57.4%
Do-Si-Do and Do-Si-Don'tReach For The Stars
55.8%
Recital RebellionBoys Like You
55.4%
Break A LegU Know U Luv It
55.3%
Tap Versus Hip HopCalifornia Adventure
55.1%
Maddie Is BackDon't Take My Fire
51.3%
Abby Vs. MelissaI Just Want To Sit On The Couch And Eat Chips
50.2%

You're not logged in!

Compare scores with friends on all Sporcle quizzes.
OR
Log In

Show Comments

Extras

Top Quizzes Today


Score Distribution

Your Account Isn't Verified!

In order to create a playlist on Sporcle, you need to verify the email address you used during registration. Go to your Sporcle Settings to finish the process.

Report this User

Report this user for behavior that violates our Community Guidelines.

Details: